| 000 | 01370nam a2200313 a 4500 | ||
|---|---|---|---|
| 001 | 60182 | ||
| 003 | BD-RjUL | ||
| 005 | 20211209080819.0 | ||
| 008 | 161228s2005 bg ab b 000 0 eng | ||
| 020 | _a9843230035 | ||
| 035 | _a(BD-RjUL)60306 | ||
| 040 |
_aDLC _cDLC _dDLC _beng |
||
| 041 | _aeng | ||
| 082 |
_223 _a363.7285 _bINT 2005 |
||
| 245 | 0 | 0 |
_aIntegrated management and safe disposal of municipal solid waste in least developed Asian countries : _ba feasibility study : research outcome of WasteSafe Project / _cedited by Muhammed Alamgir ... [et al.]. |
| 260 |
_aKhulna : _bWasteSafe, _c2005. |
||
| 300 |
_axxii, 398 p. : _bill. ; _c29 cm. |
||
| 500 | _a"Khulna University of Engineering & Technology, Bangladesh; Asia Pro Eco Programme of the European Commission." | ||
| 504 | _aIncludes bibliographical references (p. [393]-398). | ||
| 520 | _aStudy conducted in six city corporations of Bangladesh and Kathmandu of Nepal. | ||
| 650 |
_aSolid wastes _9179180 |
||
| 700 | 1 |
_aAlamgir, Muhammed. _9179181 |
|
| 710 | 2 |
_aWasteSafe Project. _9179182 |
|
| 710 | 2 |
_aKhulna University of Engineering & Technology, Bangladesh. _9179183 |
|
| 710 | 2 |
_aAsia Pro Eco Programme of the European Commission. _9179184 |
|
| 856 | 4 | 1 |
_3Table of contents only _uhttp://www.loc.gov/catdir/toc/fy0713/2006454222.html |
| 942 |
_2ddc _cBK |
||
| 999 |
_c60182 _d60182 |
||